[Event "Barcelona Tres Peons op"]
[Site "Barcelona"]
[Date "1999.??.??"]
[Round "5"]
[White "Vela Vela, Antoni"]
[Black "Castells Prat, Pere"]
[Result "1-0"]
[WhiteElo "1785"]
[BlackElo "2110"]
[PlyCount "134"]
[EventDate "1999.??.??"]
[EventType "swiss"]
[EventRounds "9"]
[EventCountry "ESP"]
[SourceTitle "EXT 2000"]
[Source "ChessBase"]
[SourceDate "1999.11.16"]
[SourceVersion "1"]
[SourceVersionDate "1999.11.16"]
[SourceQuality "1"]

1. e4 c6 2. d4 d5 3. Nc3 dxe4 4. Nxe4 Bf5 5. Ng3 Bg6 6. Nf3 Nd7 7. h4 h6 8. h5 Bh7 9. Bd3 Bxd3 10. Qxd3 e6 11. Bd2 Qc7 12. 0-0-0 0-0-0 13. Qe2 Bd6 14. Ne4 Bf4 15. g3 Bxd2+ 16. Rxd2 Ne7 17. c4 Nf5 18. Rhd1 Nd6 19. Nxd6+ Qxd6 20. Ne5 Nxe5 21. Qxe5 f6 22. Qa5 Kb8 23. Rd3 Rhe8 24. Ra3 a6 25. Rb3 c5 26. Rb6 Qc7 27. Qxc5 Qxc5 28. dxc5 Rxd1+ 29. Kxd1 Kc7 30. Rd6 e5 31. b4 Re7 32. Ke2 Re8 33. g4 Re7 34. Ke3 Re8 35. Ke4 Re7 36. f3 Kc8 37. Kf5 Kc7 38. b5 axb5 39. cxb5 Re8 40. Re6 Rd8 41. Re7+ Kc8 42. Rxg7 Rd5 43. Kxf6 Rxc5 44. Re7 Rxb5 45. Rxe5 Rb2 46. a4 Rb4 47. a5 b5 48. axb6 Rxb6+ 49. Re6 Rb3 50. f4 Rb4 51. Kf5 Rb5+ 52. Kg6 Kd7 53. Rf6 Ke7 54. Rf7+ Ke8 55. Rf6 Ke7 56. g5 hxg5 57. fxg5 Rb8 58. Kg7 Rb5 59. Kh6 Rb8 60. Kg7 Rb5 61. Rg6 Rf5 62. Kh7 Kf7 63. h6 Rb5 64. Rg8 Rb6 65. g6+ Ke7 66. Ra8 Rf6 67. g7 Rf7 1-0

[Event "Barcelona Tres Peons op"]
[Site "Barcelona"]
[Date "1999.??.??"]
[Round "8"]
[White "Vela Vela, Antoni"]
[Black "Mansilla Lou, Lluis"]
[Result "1-0"]
[WhiteElo "1785"]
[BlackElo "1965"]
[PlyCount "47"]
[EventDate "1999.??.??"]
[EventType "swiss"]
[EventRounds "9"]
[EventCountry "ESP"]
[SourceTitle "EXT 2000"]
[Source "ChessBase"]
[SourceDate "1999.11.16"]
[SourceVersion "1"]
[SourceVersionDate "1999.11.16"]
[SourceQuality "1"]

1. e4 e6 2. Qe2 c5 3. Nf3 Nc6 4. c3 Nge7 5. d4 cxd4 6. Nxd4 Nxd4 7. cxd4 d5 8. e5 Nc6 9. Be3 Bd7 10. Qd1 Rc8 11. Nc3 Qb6 12. Bb5 a6 13. Bxc6 Rxc6 14. Qe2 Bb4 15. 0-0 Bxc3 16. bxc3 Rxc3 17. Rab1 Qc7 18. Qg4 Rg8 19. Qh4 Bb5 20. Qxh7 Kf8 21. Rfc1 Rxc1+ 22. Rxc1 Qd8 23. Bd2 f5 24. Qg6 1-0